000 00664nam a2200241Ia 4500
003 OSt
005 20220923230639.0
006 a|||||r|||| 00| 0
007 ta
008 220922b |||||||| |||| 00| 0 hin d
024 _a287,338
037 _cTextual
040 _aARTS
_cARTS
_bhin
041 _2hin
_ahin
082 _aO15.gxE55.2:g, M0
100 _aराघवन
245 0 _aश्रृगांर प्रकाश
246 _aShrṛugāanra prakāsha
260 _c1980
650 _aसंस्कृत साहित्य
942 _hO15.gxE55.2:g, M0
_cTEXL
_2CC
999 _c386259
_d386259